Statistics for Countries with two Colours in their Flag

Click here to take the quiz!

General Stats

  • This quiz has been taken 26 times
    (7 since last reset)
  • The average score is 29 of 36

Answer Stats

Answer% Correct
Denmark
100%
Sweden
100%
Finland
100%
Kyrgyzstan
86%
Greece
86%
Macedonia
86%
Ukraine
86%
Peru
86%
Indonesia
86%
Poland
86%
Austria
86%
Pakistan
86%
Kazakhstan
86%
Canada
86%
Morocco
86%
Vietnam
86%
China
86%
Singapore
86%
Tunisia
86%
Turkey
86%
Israel
86%
Japan
86%
Bangladesh
86%
Switzerland
86%
Georgia
71%
Qatar
71%
Bahrain
71%
Nigeria
71%
Palau
71%
Albania
71%
Saudi Arabia
71%
F. S. Micronesia
71%
Somalia
71%
Monaco
71%
Tonga
57%
Honduras
57%

Score Distribution

Percentile by Number Answered

Percent of People with Each Score

Your Score History

You have not taken this quiz since the last reset